Dyadic Effects of Intergenerational Support on Emotional Well-being of Older Parents & their Adult Children/ (Record no. 617448)

000 -LEADER
fixed length control field 00555nam a22001577a 4500
003 - CONTROL NUMBER IDENTIFIER
control field NUST
038 ## - RECORD CONTENT LICENSOR
Staff Name Nusrat Nadeem
082 ## - DEWEY DECIMAL CLASSIFICATION NUMBER
Classification number 200
100 ## - MAIN ENTRY--PERSONAL NAME
Personal name Munir, Wazaait
245 ## - TITLE STATEMENT
Title Dyadic Effects of Intergenerational Support on Emotional Well-being of Older Parents & their Adult Children/
Statement of responsibility, etc. Wazaait Munir,
264 ## - PRODUCTION, PUBLICATION, DISTRIBUTION, MANUFACTURE, AND COPYRIGHT NOTICE
Place of production, publication, distribution, manufacture Islamabad:
Date of production, publication, distribution, manufacture, or copyright notice 2026.
650 ## - SUBJECT ADDED ENTRY--TOPICAL TERM
Topical term or geographic name entry element MS-Clinical Psychology
700 ## - ADDED ENTRY--PERSONAL NAME
Personal name Supervisor: Dr. Sumara Masood Ul Hassan
856 ## - ELECTRONIC LOCATION AND ACCESS
Uniform Resource Identifier <a href="http://10.250.8.41:8080/xmlui/handle/123456789/57836">http://10.250.8.41:8080/xmlui/handle/123456789/57836</a>
942 ## - ADDED ENTRY ELEMENTS (KOHA)
Source of classification or shelving scheme
Koha item type Soft Copy
264 ## - PRODUCTION, PUBLICATION, DISTRIBUTION, MANUFACTURE, AND COPYRIGHT NOTICE
-- S3H NUST,
Holdings
Withdrawn status Permanent Location Current Location Shelving location Date acquired Full call number Barcode Koha item type
  Central Library (CL) Central Library (CL) Thesis 05/14/2026 200 CL-T-7805 Soft Copy
© 2023 Central Library, National University of Sciences and Technology. All Rights Reserved.